Регионална библиотека "Любен Каравелов" - Русе

Но... (Запис номер 372323)

MARC детайли
000 -Лидер
Контролно поле с фиксирана дължина nam a22 7a 4500
003 - Код на организацията, давaща контролен номер
Контролно поле BLK
005 - Дата и час на последна редакция
Контролно поле 20201007040841.0
008 - Елементи от данни с фиксирана дължина
fixed length control field 200701b bu ||||| |||| 00| 0 bu d
020 ## - Международен стандартен номер на книга ISBN
Международен стандартен номер на книга ISBN 978-954-736-258-1
040 ## - Източник на каталожния запис
Идентификатор на билиотеката - собственик на записа BLK
041 ## - Код за език
Код за езика на текст/звукозапис или на отделно заглавие Български
Код за езика КДБФ Български
080 ## - УДК
Текстов определител УДК Българска литература
УДК код - определител по УДК 821.163.2
УДК определител -32
УДК - код + определител 821.163.2-32
100 ## - Редна дума - Автор
Автор Генчев, Генчо
Авторска отговорност първи автор
R(LIN) 1299
139 ## - Редно поле
Редна дума Генчев, Генчо
Авторски знак Генч - Г 33
245 ## - Сведения за заглавието
Заглавие Но...
Подзаглавни данни разкази
Редно поле (дума) Генчо Генчев
257 ## - Страна на издаване
Страна на създаване/издаване България
260 ## - Област на издателските данни
9 (RLIN) 209751
Място на издаване, разпространение и проч. В. Търново
Име на издателя, разпространителя и проч. ПИК
Година на издаване 2019
Печатница В. Търново : Фабер
300 ## - Физическа характеристика
Страници 100 с.
Размери/Мащаб 22 см
380 ## - Жанр
Жанр Худож. лит.
500 ## - Общи забележки
Забележка За "Но..." на Генчо Генчев / Владимир Шумелов: с. 5-6
852 ## - Местоположение
Форматна сигнатура Цб 299933
Фондова буква Хранилище
999 ## - СИСТЕМНИ КОНТРОЛНИ НОМЕРА
Koha biblionumber 372323
Koha biblioitemnumber 372323
942 ## - АРТИКУЛИ
Вид на библиотечния материал Книги
Скрит в OPAC Не
Периодичен библиозапис Да
944 ## - СЪЗДАВАНЕ И РЕДАКЦИЯ на ЗАПИСА
Създаване/Редакция Създаване
Дата на регистрацията/редакция 2020-07-01
Служител, извършил регистрацията/редакцията К. Г.
999 ## - СИСТЕМНИ КОНТРОЛНИ НОМЕРА
Koha biblioitemnumber 372323
999 ## - СИСТЕМНИ КОНТРОЛНИ НОМЕРА
Koha biblioitemnumber 372323
Наличности
Код за отписване Код за изгубен артикул Източник на класификационната схема Код за повреда Коз за рестрикции Код за отдаване Артикулен № Име на библиотеката - собственик Име на библиотеката, в която се намира в момента Статус (Текущо местоположение) Дата на вписване в системата Местоположение - отдел Цена в лева Систематично азбучна сигнатура Баркод Цена в евро Служебен тип на артикула
  Не е изгубен Universal Decimal Classification Не е повреден само за читалня ползва се в читалня 780511 Регионална библиотека "Любен Каравелов" Русе Регионална библиотека "Любен Каравелов" Русе Хранилище 2020-07-03 Хранилище 5.00 Цб 300639 120000844776 2.56 Книги
Vip Innovations Ltd, Rousse, Bulgaria 2025